El origen de la industrialización argentina (Registro nro. 16146)

Detalles MARC
000 -LEADER
fixed length control field 00337 a2200109 4500
001 - CONTROL NUMBER
control field ART_3019
005 - DATE AND TIME OF LATEST TRANSACTION
control field 20260410161712.0
008 - FIXED-LENGTH DATA ELEMENTS--GENERAL INFORMATION
fixed length control field 260409a
100 1# - MAIN ENTRY--PERSONAL NAME
Personal name Villanueva, Javier
245 10 - TITLE STATEMENT
Title El origen de la industrialización argentina
773 0# - HOST ITEM ENTRY
Title Desarrollo económico
Related parts - Vol. 12, Nº 47 (oct./dic. 1972)
Record control number REV1174

No hay ítems disponibles.